[Event "Moscow op-A"]
[Site "Moscow"]
[Date "2015.02.06"]
[Round "7"]
[White "Gumirov, Konstantin L"]
[Black "Nuzhdin, Andrey"]
[Result "0-1"]
[WhiteElo "1988"]
[BlackElo "2183"]
[PlyCount "66"]
[EventDate "2015.01.31"]
[EventType "swiss"]
[EventRounds "9"]
[EventCountry "RUS"]
[SourceTitle "CBM 164 Extra"]
[Source "ChessBase"]
[SourceDate "2015.03.02"]
[SourceVersion "1"]
[SourceVersionDate "2015.03.02"]
[SourceQuality "1"]

1. d4 g6 2. h4 h5 3. c4 c5 4. e3 Bg7 5. Nf3 d6 6. Nc3 cxd4 7. exd4 Bg4 8. Be3 Nh6 9. Qa4+ Nd7 10. Ng5 Nf5 11. c5 Nxe3 12. fxe3 dxc5 13. Bc4 0-0 14. 0-0 e6 15. dxc5 Nxc5 16. Qa3 Qb6 17. b4 Na6 18. Na4 Qxb4 19. Qxb4 Nxb4 20. Rab1 Nc2 21. Rb3 a6 22. Nb6 Rad8 23. Rf2 Rd1+ 24. Kh2 Nxe3 25. Be2 Bxe2 26. Rxe2 Ng4+ 27. Kg3 Rfd8 28. Nf3 R8d3 29. Rxd3 Rxd3 30. Nc4 b5 31. Ncd2 Be5+ 32. Kh3 Re3 33. Rxe3 Nf2# 0-1

[Event "Moscow op-A"]
[Site "Moscow"]
[Date "2015.01.31"]
[Round "1"]
[White "Naumkin, Igor"]
[Black "Nuzhdin, Andrey"]
[Result "1/2-1/2"]
[WhiteElo "2408"]
[BlackElo "2183"]
[PlyCount "115"]
[EventDate "2015.01.31"]
[EventType "swiss"]
[EventRounds "9"]
[EventCountry "RUS"]
[SourceTitle "CBM 164 Extra"]
[Source "ChessBase"]
[SourceDate "2015.03.02"]
[SourceVersion "1"]
[SourceVersionDate "2015.03.02"]
[SourceQuality "1"]

1. d4 g6 2. c4 Bg7 3. e4 Nc6 4. d5 Nd4 5. Ne2 c5 6. Nxd4 Bxd4 7. Nd2 Qa5 8. Bd3 b5 9. cxb5 a6 10. 0-0 axb5 11. Nb3 Qb6 12. Nxd4 cxd4 13. Qb3 Nf6 14. e5 Ng4 15. Re1 f6 16. d6 e6 17. Bxb5 0-0 18. Qf3 Qa5 19. b4 Qxb5 20. Qxg4 fxe5 21. Qe4 Bb7 22. Qxe5 Qc6 23. Qg3 Rf5 24. Bb2 Qd5 25. h4 e5 26. Qb3 Qxb3 27. axb3 Rxa1 28. Rxa1 Rf6 29. Ra7 Bc6 30. b5 Bxb5 31. Ra5 Rxd6 32. Rxb5 d3 33. Bc3 d2 34. Bxd2 Rxd2 35. Rxe5 Rb2 36. Re3 Kf7 37. g3 d5 38. Kg2 Kf6 39. Rf3+ Ke5 40. Rf7 Rxb3 41. Rxh7 Ke4 42. Rh6 Kf5 43. h5 gxh5 44. Rxh5+ Ke4 45. Rh4+ Ke5 46. Rh8 d4 47. Re8+ Kf5 48. f3 Rb2+ 49. Kh3 d3 50. Rf8+ Ke5 51. Rd8 d2 52. Kg4 Ra2 53. f4+ Ke4 54. f5 Ra4 55. Rxd2 Ke3+ 56. Kg5 Kxd2 57. f6 Ke3 58. f7 1/2-1/2